ბათუმის შოთა რუსთაველის სახელმწიფო უნივერსიტეტის ბიბლიოთეკა

თხზულებათა სრული კრებული : მოთხრობები (ბიბ.ჩანაწერი № 50976)

000 -LEADER
fixed length control field 00680nam a2200205Ia 4500
001 - CONTROL NUMBER
control field 17933
003 - CONTROL NUMBER IDENTIFIER
control field GE_BSU
008 - FIXED-LENGTH DATA ELEMENTS--GENERAL INFORMATION
fixed length control field 181216s||||||||xx |||||||||||||| ||und||
040 ## - CATALOGING SOURCE
Transcribing agency GE_BSU
080 ## - UNIVERSAL DECIMAL CLASSIFICATION NUMBER
Universal Decimal Classification number 821.353.1-32
100 ## - MAIN ENTRY--PERSONAL NAME
Personal name ლომთათიძე, ჭ.
245 ## - TITLE STATEMENT
Title თხზულებათა სრული კრებული : მოთხრობები
245 ## - TITLE STATEMENT
Statement of responsibility, etc. [ს. ჭილაიას შესავალი წერილით]
260 ## - PUBLICATION, DISTRIBUTION, ETC.
Place of publication, distribution, etc. თბილისი
260 ## - PUBLICATION, DISTRIBUTION, ETC.
Name of publisher, distributor, etc. საბჭოთა მწერალი
260 ## - PUBLICATION, DISTRIBUTION, ETC.
Date of publication, distribution, etc. 1956
300 ## - PHYSICAL DESCRIPTION
Extent 608გვ. ; 23სმ
653 ## - INDEX TERM--UNCONTROLLED
Uncontrolled term მოთხრობები
942 ## - ADDED ENTRY ELEMENTS (KOHA)
Koha item type წიგნი
ეგზემპლარები
Withdrawn status Lost status Damaged status Not for loan Date acquired Barcode Date last seen Price effective from Koha item type
        2018-12-17 22322 2018-12-17 2018-12-17 წიგნი
        2018-12-17 22321 2018-12-17 2018-12-17 წიგნი
        2018-12-17 22318 2018-12-17 2018-12-17 წიგნი
        2018-12-17 22319 2018-12-17 2018-12-17 წიგნი
        2018-12-17 22320 2018-12-17 2018-12-17 წიგნი